ENDODONTICS (Record no. 3680)

MARC details
000 -LEADER
fixed length control field 00361nam a2200145Ia 4500
008 - FIXED-LENGTH DATA ELEMENTS--GENERAL INFORMATION
fixed length control field 150201s2004 xx 000 0 und d
082 ## - DEWEY DECIMAL CLASSIFICATION NUMBER
Classification number 617.6342
Item number E20041
100 ## - MAIN ENTRY--PERSONAL NAME
Personal name INGLE,JOHN I.
245 ## - TITLE STATEMENT
Title ENDODONTICS
250 ## - EDITION STATEMENT
Edition statement 5TH
260 ## - PUBLICATION, DISTRIBUTION, ETC. (IMPRINT)
Name of publisher, distributor, etc. B.C.DECKER
Place of publication, distribution, etc. TORONTO
Date of publication, distribution, etc. 2004
300 ## - PHYSICAL DESCRIPTION
Extent 1-974
650 ## - SUBJECT ADDED ENTRY--TOPICAL TERM
Topical term or geographic name as entry element CONSERVATIVE DENTISTRY & ENDODONTICS
942 ## - ADDED ENTRY ELEMENTS (KOHA)
Source of classification or shelving scheme Dewey Decimal Classification
Koha item type Books
Koha issues (borrowed), all copies 4
Holdings
Withdrawn status Lost status Source of classification or shelving scheme Damaged status Not for loan Home library Current library Date acquired Source of acquisition Cost, normal purchase price Serial Enumeration / chronology SGTU Bill Number Total Checkouts Full call number Barcode Date last seen Date last checked out Bill Date Koha item type Total Renewals
    Dewey Decimal Classification     SGT Dental Library SGT Dental Library 31/10/2007 U.B.S.DELHI 2095.00 1 SGTU 709 1 617.6342 E20041 FD4443 11/03/2025 10/03/2025 25/08/2012 Books  
    Dewey Decimal Classification     SGT Dental Library SGT Dental Library 31/10/2007 U.B.S.DELHI 2095.00 1 SGTU 709 17 617.6342 E20041 FD4444 09/10/2024 13/09/2024 25/08/2012 Books  
    Dewey Decimal Classification     SGT Dental Library SGT Dental Library 31/10/2007 U.B.S.DELHI 2095.00 1 SGTU 709   617.6342 E20041 FD4445 09/02/2015   25/08/2012 Books  
    Dewey Decimal Classification     SGT Dental Library SGT Dental Library 31/10/2007 U.B.S.DELHI 2095.00 1 SGTU 709 17 617.6342 E20041 FD4446 28/10/2023 28/10/2023 25/08/2012 Books 1
    Dewey Decimal Classification     SGT Dental Library SGT Dental Library 31/10/2007 U.B.S.DELHI 2095.00 1 SGTU 709 7 617.6342 E20041 FD4447 13/11/2018 13/11/2018 25/08/2012 Books